00345nam a2200133Ia 4500003000400000008004100004040001600045082001800061100001900079245004500098260004000143300000800183650002000191GCL140319s9999 xx 000 0 eng d aGCL / cGCL04a786.2109bE P1 aEBRLICH, CGRIL10aThe Piano: A history. / cEBRLICH, CGRIL a[S.N] : bCLARENDON PRESS ، c1990 a25404aPIANO - HISTORY